[Event "COL-ch Seniors"]
[White "Cartagena, Luis"]
[Black "Munoz, Alvaro E"]
[Site "Bucaramanga"]
[Round "5"]
[Result "0-1"]
[Date "2013.09.28"]
[WhiteElo "1608"]
[BlackElo "1664"]
[PlyCount "72"]
[EventDate "2013.09.26"]
[EventType "swiss"]
[EventRounds "7"]
[EventCountry "COL"]
[SourceTitle "CBM 156 Extra"]
[Source "ChessBase"]
[SourceDate "2013.10.22"]
[SourceVersion "1"]
[SourceVersionDate "2013.10.22"]
[SourceQuality "1"]

1. d4 d5 2. c4 c6 3. Nc3 Nf6 4. Bg5 e6 5. Nf3 Be7 6. e3 b6 7. Bd3 Bb7 8. Qa4 0-0 9. Bxf6 Bxf6 10. cxd5 cxd5 11. Qc2 g6 12. h4 Nc6 13. a3 e5 14. dxe5 Nxe5 15. Nxe5 Bxe5 16. h5 Qf6 17. f4 Bxf4 18. exf4 Rfe8+ 19. Ne2 Qxf4 20. hxg6 fxg6 21. Bxg6 Qg3+ 22. Kf1 Qxg6 23. Qxg6+ hxg6 24. Rh4 Ba6 25. Re1 Rxe2 26. Rxe2 Re8 27. Ra4 Bxe2+ 28. Kf2 a5 29. Rd4 Bc4 30. b4 axb4 31. axb4 Re2+ 32. Kg3 Rb2 33. Kf3 Rxb4 34. g3 Be2+ 35. Ke3 Rxd4 36. Kxd4 Bc4 0-1

[Event "COL-ch Seniors"]
[White "Acosta Cruz, Luis Ivan"]
[Black "Cartagena, Luis"]
[Site "Bucaramanga"]
[Round "4"]
[Result "1-0"]
[Date "2013.09.27"]
[WhiteElo "1841"]
[BlackElo "1608"]
[PlyCount "147"]
[EventDate "2013.09.26"]
[EventType "swiss"]
[EventRounds "7"]
[EventCountry "COL"]
[SourceTitle "CBM 156 Extra"]
[Source "ChessBase"]
[SourceDate "2013.10.22"]
[SourceVersion "1"]
[SourceVersionDate "2013.10.22"]
[SourceQuality "1"]

1. d4 d5 2. c4 e6 3. Nf3 Nf6 4. Nc3 Be7 5. Bf4 0-0 6. e3 c6 7. Qc2 Nbd7 8. Bd3 h6 9. 0-0 Nh5 10. Be5 f6 11. Bg3 dxc4 12. Bxc4 Nb6 13. Bd3 Nd5 14. Bg6 Nb4 15. Qe2 Nxg3 16. hxg3 f5 17. Ne5 Bf6 18. f4 Qd6 19. a3 Nd5 20. Na4 b6 21. b4 Ne7 22. Bh5 Bb7 23. Bf3 Rac8 24. Rac1 g6 25. Rc3 Rc7 26. Rfc1 Rfc8 27. Qc2 Bxe5 28. fxe5 Qd7 29. Qb3 Nd5 30. Bxd5 cxd5 31. b5 Rc4 32. Rxc4 dxc4 33. Rxc4 Bd5 34. Rxc8+ Qxc8 35. Qc3 Qd7 36. Qb4 Qb7 37. Qb2 h5 38. Nc3 Bc4 39. Qb4 Qc7 40. Kh2 Kf7 41. Qd6 Qxd6 42. exd6 Ke8 43. e4 fxe4 44. Nxe4 Kd7 45. Nc3 Kxd6 46. Kh3 Bd3 47. g4 hxg4+ 48. Kxg4 e5 49. d5 Kc5 50. a4 Kd6 51. Kg5 Kc5 52. g4 Bc2 53. Kf6 Kd6 54. Kg5 Bd3 55. Kf6 e4 56. Kxg6 e3+ 57. Kh6 Ke5 58. g5 Kf5 59. g6 Kf6 60. d6 Bf5 61. Nd5+ Ke6 62. Nxe3 Bxg6 63. Kxg6 Kxd6 64. Kf6 Kc5 65. Ke6 Kb4 66. Kd5 Kxa4 67. Kc6 Kb4 68. Nd5+ Ka5 69. Ne3 Kb4 70. Nc2+ Ka5 71. Nd4 Kb4 72. Kb7 Ka4 73. Kxa7 Ka5 74. Kb7 1-0

[Event "COL-ch Seniors"]
[White "Cartagena, Luis"]
[Black "Maldonado, Hector"]
[Site "Bucaramanga"]
[Round "1"]
[Result "0-1"]
[Date "2013.09.26"]
[WhiteElo "1608"]
[BlackElo "1961"]
[PlyCount "86"]
[EventDate "2013.09.26"]
[EventType "swiss"]
[EventRounds "7"]
[EventCountry "COL"]
[SourceTitle "CBM 156 Extra"]
[Source "ChessBase"]
[SourceDate "2013.10.22"]
[SourceVersion "1"]
[SourceVersionDate "2013.10.22"]
[SourceQuality "1"]

1. d4 d5 2. c4 e6 3. Nc3 c6 4. Nf3 Nf6 5. Qc2 h6 6. Bf4 Bb4 7. a3 Be7 8. e3 0-0 9. c5 b6 10. cxb6 axb6 11. Rc1 Bb7 12. Bd3 c5 13. Qe2 c4 14. Bb1 Nbd7 15. 0-0 Re8 16. Rcd1 Nf8 17. Ne5 N6d7 18. Qg4 Nxe5 19. dxe5 Bg5 20. Bg3 f5 21. exf6 Bxf6 22. Rd2 Qe7 23. Ne2 e5 24. Rfd1 b5 25. h3 Rad8 26. Nc3 Qc5 27. Qf5 Bc8 28. Qh5 Be6 29. Kh1 Bf7 30. Qe2 d4 31. Ne4 Qe7 32. Nxf6+ Qxf6 33. exd4 exd4 34. Qg4 d3 35. Bh4 g5 36. Rf1 Qg6 37. Bg3 h5 38. Qd1 Bd5 39. f4 Re3 40. f5 Qf7 41. Kh2 Rde8 42. Rdf2 Rxg3 43. Kxg3 Qc7+ 0-1